| 000 | 00603nam a22001937a 4500 | ||
|---|---|---|---|
| 003 | DO-CoUTE | ||
| 005 | 20260521132730.0 | ||
| 008 | 260521b dr ||||| |||| 00| 0 spa d | ||
| 040 |
_aDO-CoUTE _bspa _cDO-CoUTE |
||
| 082 | _aRD861.44 C355a | ||
| 100 | 1 |
_aCastro, Tomas _eAutor |
|
| 245 | 1 | 0 |
_aAmor a quema Rropa / _cTomas Castro |
| 260 |
_aSanto Domingo, República Dominicana ; _b Ediciones Educarte, _c2014 |
||
| 300 |
_a 61 páginas : _c21cm, |
||
| 504 | _aIncluye referencia bibliográfica e índice. | ||
| 650 | _aPoesia Dominicana | ||
| 700 | 1 |
_aTomas Castro _eAutor |
|
| 942 |
_2ddc _cBK |
||
| 999 |
_c24215 _d24215 |
||